ბათუმის შოთა რუსთაველის სახელმწიფო უნივერსიტეტის ბიბლიოთეკა

Канализация. (ბიბ.ჩანაწერი № 36970)

000 -LEADER
fixed length control field 00695nam a2200229Ia 4500
001 - CONTROL NUMBER
control field 2922
003 - CONTROL NUMBER IDENTIFIER
control field GE_BSU
008 - FIXED-LENGTH DATA ELEMENTS--GENERAL INFORMATION
fixed length control field 181216s||||||||xx |||||||||||||| ||und||
040 ## - CATALOGING SOURCE
Transcribing agency GE_BSU
080 ## - UNIVERSAL DECIMAL CLASSIFICATION NUMBER
Universal Decimal Classification number 628.2(075.8)
100 ## - MAIN ENTRY--PERSONAL NAME
Personal name Яковлев,С.В. Карелен,Я.А. Жуков,А.И. Колобанов,С.К.
245 ## - TITLE STATEMENT
Title Канализация.
245 ## - TITLE STATEMENT
Remainder of title Учебник для вузов.
245 ## - TITLE STATEMENT
Statement of responsibility, etc. Ред.:Г.А.Лебедева, Р.А.Черкинская.
250 ## - EDITION STATEMENT
Edition statement Изд 5-ое,перераб.и доп.
260 ## - PUBLICATION, DISTRIBUTION, ETC.
Place of publication, distribution, etc. М.
260 ## - PUBLICATION, DISTRIBUTION, ETC.
Name of publisher, distributor, etc. Стройиздат.
260 ## - PUBLICATION, DISTRIBUTION, ETC.
Date of publication, distribution, etc. 1975.
300 ## - PHYSICAL DESCRIPTION
Extent 632стр.26см.
653 ## - INDEX TERM--UNCONTROLLED
Uncontrolled term Канализация.
942 ## - ADDED ENTRY ELEMENTS (KOHA)
Koha item type წიგნი
ეგზემპლარები
Withdrawn status Lost status Damaged status Not for loan Date acquired Barcode Date last seen Price effective from Koha item type
        2018-12-17 9372 2018-12-17 2018-12-17 წიგნი